|
|
|
|
| LEADER |
00000nam0a2200000 4500 |
| 001 |
25136 |
| 005 |
20231101205642.0 |
| 010 |
|
|
|a 5272001834
|
| 035 |
|
|
|a (RuTPU)RU\TPU\book\25372
|
| 035 |
|
|
|a BOOK00025447
|
| 090 |
|
|
|a 25136
|
| 100 |
|
|
|a 20011209d2001 m y0rusy50 ca
|
| 101 |
0 |
|
|a rus
|
| 102 |
|
|
|a RU
|
| 105 |
|
|
|a a j 000zy
|
| 200 |
1 |
|
|a Дискретная математика для программистов
|e учебное пособие
|f Ф. А. Новиков
|
| 210 |
|
|
|a СПб.
|c Питер
|d 2001
|
| 215 |
|
|
|a 304 с.
|c ил.
|
| 451 |
|
1 |
|0 (RuTPU)RU\TPU\book\57094
|y 5-272-00183-4
|t Дискретная математика для программистов
|o учебное пособие
|f Ф. А. Новиков
|c СПб.
|n Питер
|d 2002
|p 304 с.
|a Новиков, Ф. А.
|
| 451 |
|
1 |
|0 (RuTPU)RU\TPU\book\24072
|y 5-272-00183-4
|t Дискретная математика для программистов
|f Ф. А. Новиков
|c СПб.
|n Питер
|d 2000
|p 304 с.
|s Учебник для вузов
|a Новиков, Ф. А.
|
| 606 |
1 |
|
|a Дискретная математика
|2 stltpush
|3 (RuTPU)RU\TPU\subj\9597
|9 36814
|
| 610 |
1 |
|
|a математика
|
| 610 |
1 |
|
|a алгоритмы
|
| 610 |
1 |
|
|a дискретные структуры
|
| 610 |
1 |
|
|a структуры данных
|
| 610 |
1 |
|
|a комбинаторика
|
| 610 |
1 |
|
|a графы
|
| 610 |
1 |
|
|a циклы
|
| 610 |
1 |
|
|a булевые функции
|
| 610 |
1 |
|
|a учебные пособия
|
| 675 |
|
|
|a 51-022.334(075.8)
|v 3
|
| 700 |
|
1 |
|a Новиков
|b Ф. А.
|
| 801 |
|
0 |
|a RU
|b 63413507
|c 20011209
|g PSBO
|
| 801 |
|
2 |
|a RU
|b 63413507
|c 20131218
|g PSBO
|
| 942 |
|
|
|c BK
|